书目信息 |
| 题名: |
数系
|
|
| 作者: | 董延闿 编 | |
| 分册: | ||
| 出版信息: | 北京 北京师范大学出版社 1986 |
|
| 页数: | 189页 | |
| 开本: | 19cm | |
| 丛书名: | ||
| 单 册: | ||
| 中图分类: | O143 | |
| 科图分类: | ||
| 主题词: | 数理逻辑 , 数学基础 | |
| 电子资源: | ||
| ISBN: | 7-303-00090-9 | |
| 000 | 00713nam2 2200253 45 | |
| 001 | 0181009723 | |
| 005 | 20040701154334.4 | |
| 010 | @a7-303-00090-9@dCNY1.10 | |
| 100 | @a19950706d1986 em y0chiy0121 ea | |
| 101 | 0 | @achi |
| 102 | @aCN@b110000 | |
| 105 | @ay z 000yy | |
| 106 | @ar | |
| 200 | 10 | @a数系@AShu Xi@e从自然数到复数@ECong Zi Ran Shu Dao Fu Shu@f董延闿编@FDong Yan Kai Bian |
| 210 | @a北京@c北京师范大学出版社@d1986 | |
| 215 | @a189页@d19cm | |
| 517 | @a从自然数到复数@ACong Zi Ran Shu Dao Fu Shu | |
| 606 | 0 | @a数理逻辑 |
| 606 | 0 | @a数学基础 |
| 690 | @aO143@v3 | |
| 701 | 0 | @a董延闿@4编 |
| 801 | 0 | @aCN@b上海图书馆@c20040513 |
| 801 | 2 | @aCN@bNLC@c20040513 |
| 905 | @dO143@e43@f1@b249897 | |
| 数系:从自然数到复数/董延闿编.-北京:北京师范大学出版社,1986 |
| 189页;19cm |
| ISBN 7-303-00090-9:CNY1.10 |
| ● |
| 相关链接 |
|
|
|
|
正题名:数系
索取号:O143/43
 
预约/预借
| 序号 | 登录号 | 条形码 | 馆藏地/架位号 | 状态 | 备注 |
| 1 | 0249896 | 000409720 | 第三借阅区/ [索取号:O143/43] | 在馆 | |
| 2 | 0249897 | 001938390 | 第三借阅区/ [索取号:O143/43] | 在馆 | |
| 3 | 0249898 | 000409739 | 第二样本阅览室/ [索取号:O143/43] | 在馆 |